<?xml version="1.0" encoding="UTF-8"?>
<marc:record xmlns:marc="http://www.loc.gov/MARC21/slim">
   <marc:leader>00000nam a2200000 a 4500</marc:leader>
   <marc:datafield ind1="1" ind2=" " tag="100">
      <marc:subfield code="a">Kurschus, Andrea</marc:subfield>
      <marc:subfield code="4">aut</marc:subfield>
      <marc:subfield code="e">Verfasser/-in</marc:subfield>
   </marc:datafield>
   <marc:datafield ind1=" " ind2=" " tag="653">
      <marc:subfield code="a">Haustiere</marc:subfield>
   </marc:datafield>
   <marc:datafield ind1=" " ind2=" " tag="653">
      <marc:subfield code="a">Softcover / Ratgeber/Natur/Hobbytierhaltung</marc:subfield>
   </marc:datafield>
   <marc:datafield ind1=" " ind2=" " tag="653">
      <marc:subfield code="a">Ratgeber</marc:subfield>
   </marc:datafield>
   <marc:datafield ind1="0" ind2="0" tag="245">
      <marc:subfield code="a">Meine Katze versteht mich</marc:subfield>
   </marc:datafield>
   <marc:datafield ind1="0" ind2="0" tag="245">
      <marc:subfield code="b">wie uns die Spiegelneuronen verbinden</marc:subfield>
   </marc:datafield>
   <marc:datafield ind1="0" ind2="0" tag="245">
      <marc:subfield code="c">Andrea Kurschus</marc:subfield>
   </marc:datafield>
   <marc:datafield ind1=" " ind2="1" tag="264">
      <marc:subfield code="a">Stuttgart (Hohenheim)</marc:subfield>
      <marc:subfield code="b">Ulmer</marc:subfield>
      <marc:subfield code="c">2015</marc:subfield>
   </marc:datafield>
   <marc:datafield ind1="1" ind2=" " tag="520">
      <marc:subfield code="a">Angaben aus der Verlagsmeldung

Meine Katze versteht mich : Wie uns die Spiegelneuronen verbinden / von Andrea Kurschus

Für Katzenliebhaber völlig klar: Katzen fühlen mit uns und sie verstehen uns. Dafür lieben wir sie. Doch was ist dran? Erst seit die Spiegelneuronen entdeckt wurden, entsteht ein Bild, wie durch Empathie ein gegenseitiges Verstehen und Kommunikation über Tierartgrenzen hinweg funktionieren.
Die Geschichten von Samson, Jedi, Leo und Pongo, Carlos, Gremlin und Pepe, (Dr.) Jack, Lilith, Simba, Mikesch, Gupta und ein paar anderen Schnurreren erzählen davon, wie sich Katzen untereinander, mit anderen Tieren und auch mit Menschen verständigen. Sie erfahren außerdem, wie Katzen lernen und durch andere erstaunliche, uns aber verschlossene Fähigkeiten, die Welt noch sehen.
</marc:subfield>
   </marc:datafield>
   <marc:datafield ind1=" " ind2=" " tag="020">
      <marc:subfield code="a">9783800167586</marc:subfield>
      <marc:subfield code="9">9783800167586</marc:subfield>
   </marc:datafield>
   <marc:datafield ind1=" " ind2=" " tag="020">
      <marc:subfield code="a">3800167581</marc:subfield>
      <marc:subfield code="9">3800167581</marc:subfield>
   </marc:datafield>
   <marc:datafield ind1=" " ind2=" " tag="300">
      <marc:subfield code="a">125 S.</marc:subfield>
   </marc:datafield>
</marc:record>
